Filosofías del siglo xx /
Guardado en:
| Autor Principal: | |
|---|---|
| Formato: | Libro |
| Publicado: |
Buenos Aires :
Paidós,
1964
|
| Edición: | 2a. ed. |
| Series: | Biblioteca del Hombre Contemporáneo
|
| Materias: | |
| Etiquetas: |
Agregar Etiqueta
Sin Etiquetas, Sea el primero en etiquetar este registro!
|
| LEADER | 01045nam a22001935a 4500 | ||
|---|---|---|---|
| 001 | CEM.cems013382 | ||
| 005 | 20100714084916.0 | ||
| 008 | 130507s1964##################000#0#####d | ||
| 003 | CEMS | ||
| 082 | 0 | 4 | |a 190 |
| 100 | 1 | |a Ruggiero, Guido De | |
| 245 | 1 | 0 | |a Filosofías del siglo xx / |c Guido de Ruggiero |
| 250 | |a 2a. ed. | ||
| 260 | |a Buenos Aires : |b Paidós, |c 1964 | ||
| 300 | |a 248 p. | ||
| 490 | 0 | |a Biblioteca del Hombre Contemporáneo | |
| 505 | 0 | |a Alexander y el realismo ingles -- Whitehead y la doctrina de las ciencias naturales -- Los epígonos del realismo -- George Santayana -- John Dewey -- Idealistas ingleses (Baillie, Colling-wood) -- Hamelin -- Emile Meyerson -- El último Bergson -- La teoría de la relatividad y sus desarrollos filosóficos -- El nuevo atomismo -- El darwinismo y sus críticos -- Wilhelm Dilthey -- Historicismo y pseudo-historicismo en la filosofía alemana contemporánea -- Hussel y la fenomenología -- El existencialismo | |
| 653 | |a Filosofía | ||
| 859 | |a CEMS |b BIB. CEMS - 11 de abril |h 190 |i R843a2 |p 207.73 |t Ej.1 | ||
